Statistiche per Film del Marvel Cinematic Universe

Clicka qui per fare il quiz!

Statistiche generali

  • Questo quiz è stato fatto 69 volte
  • Il punteggio medio è 25 su 32

Statistiche sulle risposte

Data di uscita USAFilm% Corretto
2 maggio 2008Iron Man
98%
7 maggio 2010Iron Man 2
97%
3 maggio 2013Iron Man 3
97%
4 maggio 2012The Avengers
95%
6 maggio 2011Thor
93%
22 luglio 2011Captain America - Il primo Vendicatore
90%
4 novembre 2016Doctor Strange
90%
1º maggio 2015Avengers: Age of Ultron
88%
26 aprile 2019Avengers: Endgame
88%
13 giugno 2008L'incredibile Hulk
88%
17 luglio 2015Ant-Man
86%
7 luglio 2017Spider-Man: Homecoming
86%
27 aprile 2018Avengers: Infinity War
83%
6 maggio 2016Captain America: Civil War
83%
4 aprile 2014Captain America: The Winter Soldier
83%
1º agosto 2014Guardiani della Galassia
83%
3 novembre 2017Thor: Ragnarok
81%
9 luglio 2021Black Widow
80%
5 maggio 2017Guardiani della Galassia Vol. 2
80%
17 dicembre 2021Spider-Man: No Way Home
78%
2 luglio 2019Spider-Man: Far from Home
76%
5 maggio 2023Guardiani della Galassia Vol. 3
75%
8 marzo 2019Captain Marvel
71%
8 luglio 2022Thor: Love and Thunder
71%
16 febbraio 2018Black Panther
69%
8 novembre 2013Thor: The Dark World
69%
6 luglio 2018Ant-Man and the Wasp
66%
17 febbraio 2023Ant-Man and the Wasp: Quantumania
61%
11 novembre 2022Black Panther: Wakanda Forever
59%
6 maggio 2022Doctor Strange nel Multiverso della Follia
56%
5 novembre 2021Eternals
54%
3 settembre 2021Shang-Chi e la leggenda dei Dieci Anelli
47%

Distribuzione punteggi

Percentile per numero di risposta

Percentuale di utenti per punteggio

I tuoi punteggi nel tempo

Non hai fatto questo quiz